| 000 | 00356nam a2200145 a 4500 | ||
|---|---|---|---|
| 001 | 668 | ||
| 003 | CDMR | ||
| 005 | 20130116135156.0 | ||
| 008 | 130130s ||||||||||||||||||||||||||||d | ||
| 040 |
_aCDMR _bcat _cCPC GIRONA |
||
| 100 | 1 |
_aGrijelmo, Álex _9508 |
|
| 245 | 1 | 0 |
_aDefensa apasionada del idioma español _cGrijelmo, Álex |
| 260 | _bTaurus | ||
| 942 | _cMON | ||
| 999 |
_c668 _d668 |
||